000 00936nam a22003017a 4500
003 CHAP
005 20220817042648.0
008 971013s1934 r 00010 d
010 _a51440
011 _a52412
035 _a56562
040 _cCHAP
082 _a551.5
_bT68a
100 0 0 _aToscano, Ricardo.
_9114343
245 _aAlgunos problemas de meteorología
260 _aMéxico, D.F. :
_b(s.e.),
_c1934
300 _a108 p.
_b: ilus.
590 _aBATCH-UPD
_b10
_c20130110
_lUCH01
_h1702
590 _aBATCH-UPD
_b10
_c20130410
_lUCH01
_h1049
590 _aBATCH-UPD
_b10
_c20130914
_lUCH01
_h1815
590 _aCONVERSION
_b10
_c20130109
_lUCH01
_h1328
650 1 4 _aMeteorología.
901 _aBK
942 _cLIBRO
949 _a551.5 T68a
_bBC
_cBPA
_d-123528
_eBPA
_fc.2
_i56562
_si
949 _a551.5 T68a
_bBC
_cLIBRO
_d-123527
_eLIBRO
_h7799
_i56562
_si
949 _a551.5 T68a
_bBC
_cLIBRO
_d-123529
_eLIBRO
_fc.3
_h7800
_i56562
_si
999 _c51440
_d51440